LoveGame - Lady Gaga (All Lyrics) - Statistics

General Stats
  • This quiz has been taken 275 times
  • The average score is 432 of 497
Answer Stats
Hint Answer % Correct
a
100%
A
100%
I
99%
you
99%
you,
99%
do,
98%
Do
98%
Let's
98%
Love
97%
love
97%
love,
97%
on
97%
wanna
97%
Game,
96%
Game
96%
game?
96%
game
96%
game,
96%
Game)
96%
take
96%
your
96%
ride
95%
disco
94%
some
94%
stick
94%
fun,
93%
have
93%
is
93%
play,
93%
play
93%
the
93%
The
93%
this
93%
beat
92%
sick
92%
and
91%
And
91%
to
91%
want
91%
it
90%
then
90%
But
89%
if
88%
in
88%
kiss
88%
Just
87%
just
87%
miss
86%
babe
85%
for
82%
It's
82%
that
82%
he
81%
me
81%
might
81%
my
81%
Don't
80%
Are
79%
fame?
79%
complicated
78%
Hold
78%
sex,
78%
minute
77%
much,
77%
too
77%
or
76%
think
74%
touch
74%
stupid
73%
wants
72%
sexy
70%
by
68%
Got
68%
heart
68%
Verse 2 I'm
65%
can
64%
three
63%
Cupid
62%
seconds
62%
see
61%
With
61%
hand
60%
ass
59%
bust
56%
from
56%
bad,
55%
bad
55%
boy,
55%
mission
55%
squeezed
55%
there
55%
yeah
55%
girl,
54%
now
54%
of
54%
across
53%
smile
53%
always
52%
educated
51%
enough
51%
Guess
51%
same
51%
touching,
51%
starts
50%
Maybe
49%
mouth,
49%
quit
49%
block
48%
heavy
48%
story
48%
huh!
47%
huh,
47%
staring
46%
us,
46%
yes
46%
involves
44%
kick
43%
indicated
37%
interest
37%
You've
35%
Down
26%
(down
26%
No matching quizzes found
Score Distribution
Percent of People with Each Score
Percentile by Number Answered
Your Score History
You have not taken this quiz